Los Mexicanos pintados por sí mismos/ (Record no. 105855)

MARC details
000 -LEADER
campo de control de longitud fija 01487nam a2200421 i 4500
001 - NÚMERO DE CONTROL
campo de control MOR01000106182
003 - IDENTIFICADOR DE NÚMERO DE CONTROL
campo de control $$amxdfmo
005 - FECHA Y HORA DE LA ÚLTIMA TRANSACCIÓN
campo de control 20260331230906.0
008 - DATOS DE LONGITUD FIJA--INFORMACIÓN GENERAL
campo de control de longitud fija 180605s1986 dfm g bi 000 0 spa d
020 ## - NÚMERO INTERNACIONAL ESTÁNDAR DEL LIBRO
Número Internacional Estándar del Libro 9686140069 (edición completa)
020 ## - NÚMERO INTERNACIONAL ESTÁNDAR DEL LIBRO
Número Internacional Estándar del Libro 9686140069 (tomo 1)
020 ## - NÚMERO INTERNACIONAL ESTÁNDAR DEL LIBRO
Número Internacional Estándar del Libro 9686140123 (tomo 2)
035 ## - NÚMERO DE CONTROL DEL SISTEMA
Número de control de sistema 181013
040 ## - FUENTE DE CATALOGACIÓN
Centro catalogador/agencia de origen mxcmmo
Lengua de catalogación spa
Centro/agencia transcriptor mxcmmo
Normas de descripción rda
041 0# - CÓDIGO DE IDIOMA
Código de lengua del texto/banda sonora o título independiente spa
043 ## - CÓDIGO DE ÁREA GEOGRÁFICA
Código de área geográfica n-mx---
082 04 - NÚMERO DE LA CLASIFICACIÓN DECIMAL DEWEY
Número de clasificación 390.4
Número de ítem MEX.p
Información de edición 1986
245 04 - MENCIÓN DEL TÍTULO
Título Los Mexicanos pintados por sí mismos/
Mención de responsabilidad, etc. H. Frías y Soto [y otros]
250 ## - MENCION DE EDICION
Mención de edición Primera edición
264 #1 - PRODUCCIÓN, PUBLICACIÓN, DISTRIBUCIÓN, FABRICACIÓN Y COPYRIGHT
Producción, publicación, distribución, fabricación y copyright Querétaro, Querétaro:
Nombre del de productor, editor, distribuidor, fabricante Dirección de Patrimonio Cultural, Secretaría de Cultura y Bienestar Social, Gobierno del Estado de Querétaro,
Fecha de producción, publicación, distribución, fabricación o copyright 1986
300 ## - DESCRIPCIÓN FÍSICA
Extensión 2 tomos;
Dimensiones 22 cm
336 ## - TIPO DE CONTENIDO
Término de tipo de contenido texto
Código de tipo de contenido txt
Fuente rdacontent
337 ## - TIPO DE MEDIO
Nombre/término del tipo de medio sin medio
Código del tipo de medio n
Fuente rdamedia
338 ## - TIPO DE SOPORTE
Nombre/término del tipo de soporte volumen
Código del tipo de soporte nc
Fuente rdacarrier
490 0# - MENCIÓN DE SERIE
Mención de serie Autores de Querétaro
Designación de volumen o secuencia 3-I, II
504 ## - NOTA DE BIBLIOGRAFÍA, ETC.
Nota de bibliografía, etc. Nota Incluye referencias bibliográficas
650 #7 - PUNTO DE ACCESO ADICIONAL DE MATERIA--TÉRMINO DE MATERIA
Término de materia o nombre geográfico como elemento de entrada Características nacionales mexicanas
9 (RLIN) 3394
651 #7 - PUNTO DE ACCESO ADICIONAL DE MATERIA--NOMBRE GEOGRÁFICO
Nombre geográfico México
Subdivisión general Vida social y costumbres
9 (RLIN) 1544
700 1# - ENTRADA AGREGADA--NOMBRE PERSONAL
Nombre de persona Frías y Soto, Hilarión
Fechas asociadas al nombre 1831-1905
Término indicativo de función/relación autor
9 (RLIN) 2794
900 ## - ELEMENTOS DE DATOS A LOCAL, LDA (RLIN)
Nombre de persona CATY
Numeración 30
Títulos y otros términos asociados al nombre 20180828
Lenguaje de la obra MOR01
-- 1400
900 ## - ELEMENTOS DE DATOS A LOCAL, LDA (RLIN)
Nombre de persona KLASY
Numeración 30
Títulos y otros términos asociados al nombre 20180903
Lenguaje de la obra MOR01
-- 1617
900 ## - ELEMENTOS DE DATOS A LOCAL, LDA (RLIN)
Nombre de persona LUIS
Numeración 20
Títulos y otros términos asociados al nombre 20180605
Lenguaje de la obra MOR01
-- 1505
900 ## - ELEMENTOS DE DATOS A LOCAL, LDA (RLIN)
Nombre de persona LUIS
Numeración 20
Títulos y otros términos asociados al nombre 20180605
Lenguaje de la obra MOR01
-- 1505
900 ## - ELEMENTOS DE DATOS A LOCAL, LDA (RLIN)
Nombre de persona VOBO
Numeración 40
Títulos y otros términos asociados al nombre 20181022
Lenguaje de la obra MOR01
-- 1135
900 ## - ELEMENTOS DE DATOS A LOCAL, LDA (RLIN)
Nombre de persona VOBO
Numeración 40
Títulos y otros términos asociados al nombre 20181126
Lenguaje de la obra MOR01
-- 1243
904 ## - ELEMENTOS DE DATOS D LOCAL, LDD (RLIN)
a UPDATE
942 ## - ELEMENTOS DE ENTRADA SECUNDARIOS (KOHA)
Código de la institución [OBSOLETO] BK
901 ## - ELEMENTOS DE DATOS A LOCAL LDA (RLIN)
a batch batch
Holdings
Estatus retirado Estado de pérdida Fuente del sistema de clasificación o colocación Estado de daño No para préstamo Colección Biblioteca de origen Biblioteca actual Ubicación en estantería Fecha de adquisición Fuente de adquisición Enumeración/cronología de publicación seriada Número de inventario Total de préstamos Signatura topográfica completa Código de barras Visto por última vez Precio de reemplazo Tipo de ítem Koha
    Clasificación Decimal Dewey     Fondo Horacio Correa Biblioteca Nicolas Poussin Biblioteca Nicolas Poussin Regular 28/08/2018   t. 1 133739   (GH)/390.4 MEX.p 1986 33068011395698 03/09/2024 03/09/2024 Libro préstamo regular
    Clasificación Decimal Dewey     Fondo Horacio Correa Biblioteca Nicolas Poussin Biblioteca Nicolas Poussin Regular 03/09/2018   t. 2 133739   (GH)/390.4 MEX.p 1986 33068011395704 03/09/2024 03/09/2024 Libro préstamo regular